| 000 | 01435nam a2200373Ia 4500 | ||
|---|---|---|---|
| 001 | ebr10075758 | ||
| 003 | CaPaEBR | ||
| 006 | m u | ||
| 007 | cr cn||||||||| | ||
| 008 | 020805s2002 flug sk 000 0deng d | ||
| 020 | _z1930841779 | ||
| 020 | _z0585416052 (electronic bk.) | ||
| 040 |
_aCaPaEBR _cCaPaEBR |
||
| 035 | _a(OCoLC)50297442 | ||
| 050 | 1 | 4 |
_aML50.P965 _bT75 2002eb |
| 082 | 0 | 4 |
_a782.1/02868 _221 |
| 100 | 1 |
_aPuccini, Giacomo, _d1858-1924. |
|
| 245 | 1 | 0 |
_aPuccini's Il trittico _h[electronic resource] : _bIl tabarro, Suor Angelica, Gianni Schicchi / _cedited by Burton D. Fisher. |
| 246 | 3 | 0 | _aTrittico |
| 246 | 3 | 0 | _aTabarro, Suor Angelica, Gianni Schicchi |
| 260 |
_aCoral Gables, Fla. : _bOpera Journeys, _cc2002. |
||
| 300 |
_a151 p. : _bmusic. |
||
| 490 | 1 | _aOpera classics library | |
| 504 | _aDiscography: p. 137-140. | ||
| 504 | _aVideography: p. 141-142. | ||
| 533 |
_aElectronic reproduction. _bPalo Alto, Calif. : _cebrary, _d2009. _nAvailable via World Wide Web. _nAccess may be limited to ebrary affiliated libraries. |
||
| 600 | 1 | 0 |
_aPuccini, Giacomo, _d1858-1924. _tTrittico. |
| 650 | 0 |
_aOperas _vLibrettos. |
|
| 655 | 7 |
_aElectronic books. _2local |
|
| 700 | 1 | _aFisher, Burton D. | |
| 710 | 2 | _aebrary, Inc. | |
| 830 | 0 | _aOpera classics library. | |
| 856 | 4 | 0 |
_uhttp://site.ebrary.com/lib/rucke/Doc?id=10075758 _zAn electronic book accessible through the World Wide Web; click to view |
| 999 |
_c45767 _d45767 |
||